|
|
|
|
| LEADER |
00687cam a2200181 7i4500 |
| 001 |
0000037955 |
| 005 |
20210209090000.0 |
| 020 |
|
|
|a 9781905209231 (hbk.)
|
| 090 |
0 |
0 |
|a TA430
|b .C48 2006
|
| 245 |
0 |
0 |
|a Ceramic materials :
|b processes, properties and applications
|c edited by Philippe Boch, Jean-Claude Niepce.
|
| 260 |
|
|
|a Newport Beach, CA:
|b ISTE USA,
|c 2006.
|
| 300 |
|
|
|a xvii, 573 p.:
|b ill.;
|c 24 cm..
|
| 650 |
0 |
0 |
|a Ceramic materials
|
| 700 |
1 |
|
|a Boch, Philippe
|
| 700 |
1 |
|
|a Niepce, Jean-Claude
|
| 997 |
|
|
|a Engineering & Life Sciences, Faculty
|b Science & Biotechnology, Department
|
| 998 |
|
|
|a Industrial Technology, Degree
|
| 999 |
|
|
|a 0000049929
|b BOK
|c OPEN SHELF
|e 2nd Floor, Bestari Jaya
|